000
00290nam a22001337a 4500
008
180920b xxu||||| |||| 00| 0 eng d
020
_a
9780131409415
041
_a
eng
080
_a
573
100
_a
11
101
_a
BIO
245
_a
Biological Science
_c
Freeman .S
942
_2
udc
_c
BK
999
_c
48119
_d
48119